Europe Flags #1 - Statistics

General Stats
  • This quiz has been taken 64 times
  • The average score is 24 of 26
Answer Stats
Picture Answer % Correct
Italy
100%
Germany
96%
Ukraine
96%
United Kingdom / UK
96%
Belgium
94%
France
94%
Greece
94%
Poland
94%
Switzerland
94%
Denmark
93%
Finland
93%
Netherlands
93%
Sweden
93%
Albania
91%
Croatia
91%
Ireland
91%
Romania
91%
Norway
89%
Austria
85%
Hungary
85%
Serbia
85%
Malta
83%
Slovakia
83%
Slovenia
83%
Czechia
81%
Luxembourg
81%
No matching quizzes found
Score Distribution
Percent of People with Each Score
Percentile by Number Answered
Your Score History
You have not taken this quiz